000
00328nam a22001337a 4500
008
210301b ||||| |||| 00| 0 eng d
041
_a
eng
080
_a
159.9
082
_a
159.9
100
_a
49
101
_a
PSI
245
_a
Interpersonal Dynamics Essays and Readings on Human Interaction
_c
Bennis, W.G
942
_2
udc
_c
BK
999
_c
55361
_d
55361